Statistics for Mayors of New York City

Click here to take the quiz!

General Stats

  • This quiz has been taken 3,007 times
  • The average score is 5 of 11

Answer Stats

TermAnswer% Correct
2002-2013Michael Bloomberg
90%
1994-2001Rudy Giuliani
87%
2014-presentBill DeBlasio
64%
1978-1989Ed Koch
54%
1934-1945Fiorello LaGuardia
54%
1990-1993David Dinkins
40%
1966-1973John Lindsay
25%
1974-1977Abraham Beame
20%
1954-1965Robert Wagner Jr.
18%
1946-1950William O'Dwyer
14%
1950-1953Vincent Impellitteri
13%

Score Distribution

Percentile by Number Answered

Percent of People with Each Score

Your Score History

You have not taken this quiz